00705nam a2200121Ia 4500008004100000020001800041100002000059245015500079260002200234650026000256650002200516856004500538171212s9999 xx 000 0 und d a9781925021028 aSteven Ratuva,  cSteven Ratuva, aPolitics of preferential developmentbTrans-global study of affirmative action and ethnic conflict in Fiji, Malaysia and South Africa bANU E Pressc2013 aMinorities -- Political aspects -- Fiji; Minorities -- Political aspects -- Malaysia; Minorities -- Political aspects -- South Africa; Fiji -- Ethnic relations -- Political aspects; Fiji -- Race relations -- Political aspects; Malaysia -- Ethnic relations aPolitical Science uwww.jstor.org/stable/10.2307/j.ctt46n2xc